|
|
|
|
| LEADER |
01014nab a2200265 i 4500 |
| 001 |
publ21640 |
| 005 |
20210615093150.0 |
| 008 |
210615s2021 hu o 0|| zxx d |
| 022 |
|
|
|a 0045-2068
|
| 024 |
7 |
|
|a 10.1016/j.bioorg.2021.104914
|2 doi
|
| 024 |
7 |
|
|a 32009571
|2 mtmt
|
| 040 |
|
|
|a SZTE Publicatio Repozitórium
|b hun
|
| 041 |
|
|
|a zxx
|
| 100 |
1 |
|
|a Jójárt Rebeka
|
| 245 |
1 |
0 |
|a Design, synthesis and biological evaluation of novel estrone phosphonates as high affinity organic anion-transporting polypeptide 2B1 (OATP2B1) inhibitors
|h [elektronikus dokumentum] /
|c Jójárt Rebeka
|
| 260 |
|
|
|c 2021
|
| 300 |
|
|
|a Terjedelem: 12 p-Azonosító: 104914
|
| 490 |
0 |
|
|a BIOORGANIC CHEMISTRY
|v 112
|
| 700 |
0 |
2 |
|a Laczkó-Rigó Réka
|e aut
|
| 700 |
0 |
2 |
|a Klement Máté
|e aut
|
| 700 |
0 |
2 |
|a Kőhl Gabriella
|e aut
|
| 700 |
0 |
2 |
|a Kecskeméti Gábor
|e aut
|
| 700 |
0 |
2 |
|a Laczka Csilla
|e aut
|
| 700 |
0 |
2 |
|a Mernyák Erzsébet
|e aut
|
| 856 |
4 |
0 |
|u http://publicatio.bibl.u-szeged.hu/21640/1/ErzsebetMernyakManuscript.pdf
|z Dokumentum-elérés
|